Nghiên cứu quá trình tổng hợp phức Hexaaminniken(II)sunfat [Ni(NH3)6]SO4
Tổng quan các vấn đề nghiên cứu nghiên cứu quá trình tổng hợp phức Hexaaminniken(II)sunfat [Ni(NH3)6]SO4 Nguyên liệu và phương pháp nghiên cứu. Kết quả và bàn luận: kết quả khảo sát điều kiện tối ưu; một số hình ảnh ; quy trình tổng hợp phức [Ni(NH3)6]SO4 tối ưu. Kết quả xác định thành phần của phức...
Saved in:
| Main Author: | |
|---|---|
| Other Authors: | |
| Format: | Book |
| Language: | Vietnamese |
| Published: |
Đại học Đà Nẵng
Trường đại học Sư Phạm
2011
|
| Series: | Khóa luận tốt nghiệp đại học. Chuyên ngành: Sư phạm hóa
|
| Subjects: | |
| Tags: |
Add Tag
No Tags, Be the first to tag this record!
|
| Institutions: | Mạng thư viện Đại học Đà Nẵng |
|---|
| LEADER | 01517nam a2200325 4500 | ||
|---|---|---|---|
| 001 | 000012532 | ||
| 003 | 8836 | ||
| 005 | 20120222070244.0 | ||
| 008 | 120222s2011 viesd | ||
| 041 | |a vie | ||
| 072 | |a Khóa luận tốt nghiệp | ||
| 082 | |a 546.25 |b NG-N | ||
| 100 | |a Nguyễn, Thị Lệ Nguyên | ||
| 245 | |a Nghiên cứu quá trình tổng hợp phức Hexaaminniken(II)sunfat [Ni(NH3)6]SO4 |c Nguyễn, Thị Lệ Nguyên | ||
| 260 | |a Đại học Đà Nẵng |b Trường đại học Sư Phạm |c 2011 | ||
| 300 | |a 48 tr. |b hình mhọa |c 29 cm | ||
| 490 | |a Khóa luận tốt nghiệp đại học. Chuyên ngành: Sư phạm hóa | ||
| 500 | |a Tham khảo tr.48 | ||
| 520 | |a Tổng quan các vấn đề nghiên cứu nghiên cứu quá trình tổng hợp phức Hexaaminniken(II)sunfat [Ni(NH3)6]SO4 Nguyên liệu và phương pháp nghiên cứu. Kết quả và bàn luận: kết quả khảo sát điều kiện tối ưu; một số hình ảnh ; quy trình tổng hợp phức [Ni(NH3)6]SO4 tối ưu. Kết quả xác định thành phần của phức [Ni(NH3)6]SO4 bằng phương pháp đo | ||
| 653 | |a Khóa luận tốt nghiệp đại học | ||
| 653 | |a Khoa Hóa học | ||
| 700 | |a Ngô, Thị Mỹ Bình |c Th.S |e Hướng dẫn | ||
| OWN | |a LSP | ||
| 999 | |a From the UDN01 | ||
| TYP | |a Monograph | ||
| TYP | |a Printed language | ||
| 980 | |a Mạng thư viện Đại học Đà Nẵng | ||